000
00339 a2200157 4500
001
181607
020
_a
040
_c
Magnum
100
_a
Azevedo, Alexandre
240
1
0
_a
O fantastico mundo da lua
_l
por
245
1
0
_a
O fantastico mundo da lua
362
0
_a
1899
440
1
_a
Moderna
697
_a
MAGNITO: IJ/GERAL
942
_c
BK
999
_c
181607
_d
181607